|
|
|
|
| LEADER |
00000nam0a2200000 4500 |
| 001 |
377599 |
| 005 |
20231102012929.0 |
| 035 |
|
|
|a (RuTPU)RU\TPU\retro\35050
|
| 035 |
|
|
|a RU\TPU\retro\35029
|
| 090 |
|
|
|a 377599
|
| 100 |
|
|
|a 20230320d1975 k y0rusy50 ca
|
| 101 |
0 |
|
|a rus
|
| 102 |
|
|
|a RU
|
| 105 |
|
|
|a a z 001zy
|
| 200 |
1 |
|
|a Органическое вещество и битуминозность осадочных отложений Сибири (По результатам люминесцентно-микроскопического метода)
|f И. А. Олли
|g Академия наук СССР (АН, Сибирское отделение, Институт геологии и геофизики ; отв. ред. Н. Б. Вассоевич
|
| 210 |
|
|
|a Новосибирск
|c Наука
|d 1975
|
| 215 |
|
|
|a 135 с.
|c ил., карты
|e 11 табл.
|
| 225 |
1 |
|
|a Труды Института геологии и геофизики
|v Вып. 270
|
| 320 |
|
|
|a Библиогр.: с. 95-100.
|
| 606 |
1 |
|
|a Битумы
|x Петрография
|2 stltpush
|3 (RuTPU)RU\TPU\subj\28819
|9 52296
|
| 606 |
1 |
|
|a Горные породы, осадочные
|y Сибирь
|2 stltpush
|3 (RuTPU)RU\TPU\subj\75171
|9 87042
|
| 610 |
1 |
|
|a геология
|
| 610 |
1 |
|
|a люминесцентно-микроскопический метод
|
| 610 |
1 |
|
|a палеозой
|
| 610 |
1 |
|
|a мезозой
|
| 610 |
1 |
|
|a кайнозой
|
| 610 |
1 |
|
|a Западно-Сибирская низменность
|
| 610 |
1 |
|
|a Якутия
|
| 610 |
1 |
|
|a Сахалин
|
| 610 |
1 |
|
|a генетические типы
|
| 610 |
1 |
|
|a миграция
|
| 675 |
|
|
|a 552.578.3
|v 3
|
| 675 |
|
|
|a 552.5(571.1/.5)
|v 3
|
| 700 |
|
1 |
|a Олли
|b И. А.
|g Инесса Альбертовна
|
| 702 |
|
1 |
|a Вассоевич
|b Н. Б.
|g Николай Брониславович
|4 340
|
| 712 |
0 |
2 |
|a Академия наук СССР (АН
|b Сибирское отделение
|b Институт геологии и геофизики
|c (Новосибирск)
|2 stltpush
|3 (RuTPU)RU\TPU\col\128
|
| 801 |
|
1 |
|a RU
|b 63413507
|c 20120216
|
| 801 |
|
2 |
|a RU
|b 63413507
|c 20230320
|g RCR
|
| 942 |
|
|
|c BK
|